Načítá se...
Physiological Psychology
| Hlavní autor: | |
|---|---|
| Vydáno: |
London, Prentice Hall International
1978
|
| Vydání: | 2 |
| Témata: |
| LEADER | 004610000a22001570004500 | ||
|---|---|---|---|
| 020 | |a 0-13-674846-5 | ||
| 082 | |a 152 L8 | ||
| 100 | |a Schwartz, Marwin | ||
| 245 | |a Physiological Psychology | ||
| 250 | |a 2 | ||
| 260 | |a London, Prentice Hall International | ||
| 260 | |c 1978 | ||
| 650 | |a Psychology | ||
| 650 | |a Psychophysiology | ||
| 999 | |c 88287 |d 88287 | ||
| 952 | |0 0 |1 0 |4 0 |6 152_000000000000000_L8 |7 0 |9 80622 |a SBES |b SBES |d 2016-08-12 |l 0 |o 152 L8 |p SBES00479 |r 2016-08-12 |w 2016-08-12 | ||